Statistics for Lana del rey - Groupie love

Click here to take the quiz!

General Stats

  • This quiz has been taken 35 times
  • The average score is 245 of 298

Answer Stats

Answer% Correct
guitar
100%
I
100%
in
100%
me
100%
no
100%
not
100%
playing
100%
to
100%
you
100%
You
100%
a
96%
And
96%
and
96%
bar
96%
Groupie
96%
groupie
96%
(hmm)
96%
(hmm, hmm)
96%
I'm
96%
love
96%
Love
96%
the
96%
we
96%
We
96%
for
91%
it
91%
It's
91%
like
91%
notice
91%
so
91%
that
91%
trying
91%
up
91%
what
91%
you're
91%
You're
91%
all
87%
by
87%
do
87%
drink
87%
every
87%
got
87%
know
87%
let
87%
life
87%
means
87%
My
87%
my
87%
nothing
87%
of
87%
sweet
87%
When
87%
who
87%
with
87%
anything
83%
crowd
83%
festivals
83%
hook
83%
is
83%
next
83%
perfume
83%
thinking
83%
This
83%
time
83%
Time
83%
after
78%
ain't
78%
baby
78%
club
78%
Front
78%
him
78%
pouring
78%
pretending
78%
row
78%
show
78%
side
78%
Side
78%
there
78%
want
78%
beat
74%
die
74%
doing
74%
everybody
74%
hard
74%
magic
74%
share
74%
Sing
74%
sing
74%
sometimes
74%
star
74%
wonderful?
74%
babe
70%
have
70%
Having
70%
isn't
70%
living
70%
look
70%
She
70%
she
70%
swingin'
70%
Taking
70%
things
70%
turning
70%
writing
70%
dreams
65%
man
65%
our
65%
are
61%
day
61%
God
61%
Key
61%
lime
61%
lines
61%
on
61%
stay
61%
them
61%
'til
61%
along
57%
bae
57%
but
57%
dang
57%
hype
57%
word
57%
don't
52%
acting
48%
brain
48%
fans
48%
high
48%
screamin'
48%
while
48%
causin'
43%
girl
43%
irate
43%
pay
43%
stage
43%
girls
39%
grade
39%
migraines
39%
nigga
39%
trust?
39%
Yamborghini-
39%
City
35%
escape
35%
fire
35%
grew
35%
tri-state
35%
(yeah)
35%
made
30%
minds
26%
thug
26%

Score Distribution

Percentile by Number Answered

Percent of People with Each Score

Your Score History

You have not taken this quiz